Statistics for Can't Feel My Face - The Weeknd lyrics

Click here to take the quiz!

General Stats

  • This quiz has been taken 814 times
  • The average score is 131 of 159

Answer Stats

Answer% Correct
i
100%
can't
97%
you
97%
it
96%
with
96%
face
96%
feel
96%
when
95%
my
95%
i'm
94%
love
94%
but
93%
be
90%
me
90%
the
89%
and
88%
know
88%
she
87%
to
86%
of
85%
we
84%
don't
80%
death
80%
at
79%
no
79%
both
78%
least
78%
best
78%
about
77%
worry
77%
she'll
77%
is
77%
come
76%
we'll
75%
told
75%
oh oh oh
74%
worst
74%
more
74%
yet
74%
oh
74%
get
73%
go
73%
young
72%
always
72%
never
70%
forever
70%
beautiful
70%
this
70%
without
69%
stay
68%
yeah
68%
numb
65%
alone
65%
you'll
64%
in
53%
all
44%
we're
42%
deep
42%
misery
38%
necessary
35%
girl
25%
was
24%

Score Distribution

Percentile by Number Answered

Percent of People with Each Score

Your Score History

You have not taken this quiz